Living with Others: (Record no. 188886)

MARC details
000 -LEADER
fixed length control field 00575nam a2200181 4500
005 - DATE AND TIME OF LATEST TRANSACTION
control field 20220607112442.0
010 ## - LCCN (DPL NO)
LC control number ENG-133069
020 ## - INTERNATIONAL STANDARD BOOK NUMBER
International Standard Book Number 9788123017464
Terms of availability 190.00
035 ## - SYSTEM CONTROL NUMBER
System control number EN-116601
037 ## - SOURCE OF ACQUISITION
Source of stock number/acquisition DBAD/PUB
082 ## - DEWEY DECIMAL CLASSIFICATION NUMBER
Classification number 577.52
100 ## - MAIN ENTRY--PERSONAL NAME
Personal name Haque, M.A.
245 ## - TITLE STATEMENT
Title Living with Others:
Remainder of title Biodiversity around us/
Statement of responsibility, etc M.A. Haque
260 ## - PUBLICATION, DISTRIBUTION, ETC. (IMPRINT)
Place of publication, distribution, etc New Delhi
Name of publisher, distributor, etc Ministry of Information and Broadcasting
Date of publication, distribution, etc 2013
270 ## - ADDRESS
Address Sochna Bhawan, C.G.O. Complex, Lodhi Road
City New Delhi
Postal code 110003
300 ## - PHYSICAL DESCRIPTION
Extent 123p.
Other physical details Index
Dimensions 24cm(pbk)
942 ## - ADDED ENTRY ELEMENTS (KOHA)
Source of classification or shelving scheme Dewey Decimal Classification
Item type English Books
Classification part 577.52
Call number suffix HAQ
Holdings
Withdrawn status Lost status Not for loan Collection code Home library Current library Date acquired Source of acquisition Cost, normal purchase price Full call number Barcode Copy number Cost, replacement price Koha item type
    Not For Loan Non-fiction D.B.Act.Division Mobile Library 07/06/2022 DBAD/PUB 190.00 577.52 HAQ EN-116601 1 190.00 English Books

© Delhi Public Library
Hit Counter
free hit counter